[Event "4NCL Online Division 7"]
[Site "online"]
[Date "2021.04.20"]
[EventDate "2021.04.20"]
[Round "7.302"]
[White "Varjian, Gary"]
[WhiteElo "1388"]
[WhiteTeam "Far, Far Away"]
[Black "Leadbetter, Scott"]
[BlackElo "1624"]
[BlackTeam "Crowthorne 2"]
[Result "0-1"]
[PlyCount "114"]

1. d4 d6 2. Bf4 Nf6 3. e3 Nbd7 4. Bg3 c6 5. f4 Qc7 6. Nf3 h6 7. Bd3 e6 8. Nc3 Be7 9. e4 Qb6 10. Ne2 d5 11. e5 Nh5 12. Rb1 g5 13. f5 g4 14. Nh4 Nxg3 15. hxg3 Bg5 16. f6 c5 17. c3 c4 18. Bc2 Qc7 19. Nf4 Bxf4 20. gxf4 Nxf6 21. g3 Ne4 22. Qxg4 Bd7 23. Ng6 h5 24. Rxh5 Rxh5 25. Bxe4 dxe4 26. Qxh5 O-O-O 27. Ne7+ Kb8 28. Qxf7 Bc8 29. Kf2 Rd7 30. Qxe6 Rxe7 31. Qd5 b6 32. Rh1 Rh7 33. Rh4 a6 34. Qxe4 Rxh4 35. gxh4 Bb7 36. Qg6 Qc8 37. Qg3 Qf5 38. Qg8+ Ka7 39. Kg3 Qd3+ 40. Kg4 Qf3+ 41. Kf5 Qe4+ 42. Kf6 Qxf4+ 43. Kg7 Qg4+ 44. Kf8 Qxh4 45. Qxc4 Qd8+ 46. Kf7 Bd5+ 47. Qxd5 Qxd5+ 48. e6 Qf5+ 49. Ke7 Kb7 50. Kd7 Qd5+ 51. Ke7 Kc7 52. Kf6 Kd8 53. b3 Qf3+ 54. Ke5 Qxc3 55. Kd5 Ke7 56. Ke5 Qe3+ 57. Kd5 Qxe6# 0-1

[Event "4NCL Online Division 7"]
[Site "online"]
[Date "2021.04.20"]
[EventDate "2021.04.20"]
[Round "7.304"]
[White "Ritchie, Stephen"]
[WhiteElo "1164"]
[WhiteTeam "Far, Far Away"]
[Black "Adhikari, Aanya"]
[BlackElo "1127"]
[BlackTeam "Crowthorne 2"]
[Result "1-0"]
[PlyCount "89"]

1. e4 e5 2. Nf3 Nc6 3. Bc4 Nf6 4. d3 h6 5. c3 d6 6. O-O a6 7. b4 b5 8. Bb3 Bg4 9. Nbd2 Nd7 10. Bd5 Ndb8 11. Qb3 Be6 12. Bxe6 fxe6 13. Qxe6+ Qe7 14. Qc8+ Qd8 15. Qxd8+ Nxd8 16. a4 bxa4 17. Rxa4 Nf7 18. b5 Be7 19. Bb2 O-O 20. Rfa1 Ra7 21. bxa6 Nc6 22. d4 exd4 23. cxd4 Rb8 24. Bc3 Rb5 25. d5 Nce5 26. Nxe5 dxe5 27. Nf3 Rb6 28. Nxe5 Nxe5 29. Bxe5 c5 30. h3 c4 31. Bd4 Rbxa6 32. Bxa7 Rxa4 33. Rxa4 c3 34. Rc4 Bf6 35. Bc5 Kf7 36. Bb4 g6 37. Bxc3 Bxc3 38. Rxc3 Ke7 39. e5 Kd7 40. Rc6 Ke7 41. Rxg6 h5 42. f4 Kd7 43. f5 Ke7 44. Rg7+ Kf8 45. f6 1-0

[Event "4NCL Online Division 7"]
[Site "online"]
[Date "2021.04.20"]
[EventDate "2021.04.20"]
[Round "7.311"]
[White "Wang, Luoke"]
[WhiteElo "1446"]
[WhiteTeam "Redbridge All Sorts 4"]
[Black "Orija, Olusegun"]
[BlackElo "1400"]
[BlackTeam "Streatham C"]
[Result "0-1"]
[PlyCount "144"]

1. d4 e6 2. c4 d5 3. Nf3 c5 4. cxd5 exd5 5. Nc3 h6 6. Bf4 Nf6 7. Bd2 Nc6 8. e3 a6 9. Rc1 Bg4 10. dxc5 Bxc5 11. Na4 Be7 12. h3 Bh5 13. Be2 Rc8 14. O-O O-O 15. Qb3 b5 16. Qc2 bxa4 17. Qxa4 Bxf3 18. Bxf3 Ne5 19. Be2 Ra8 20. Bc3 Qd7 21. Qd1 Ng6 22. Bf3 Rfd8 23. Qd4 Bf8 24. Rfd1 Qf5 25. Be2 Ne4 26. f3 Nxc3 27. Rxc3 Qe5 28. Qxe5 Nxe5 29. f4 Ng6 30. Rcd3 d4 31. Rxd4 Rxd4 32. exd4 Nxf4 33. Bc4 Ra7 34. Kf2 a5 35. Kf3 Ne6 36. h4 g6 37. Ke4 Kg7 38. Rc1 Bd6 39. Bxe6 fxe6 40. Rc6 Bg3 41. h5 Re7 42. Rc5 Be1 43. hxg6 Kxg6 44. Ke5 Kg5 45. a3 Kg6 46. Rc6 Kf7 47. Rc1 Bg3+ 48. Ke4 Kf6 49. Rh1 Kg5 50. Rc1 h5 51. Rc5+ Kf6 52. Rxa5 h4 53. Rc5 Rb7 54. b4 Ra7 55. Rc3 Be1 56. Rb3 Rg7 57. Rb2 Rg4+ 58. Kd3 Rg3+ 59. Kc4 Rxa3 60. Rc2 Ra8 61. Kb3 Rb8 62. Rc4 Kf5 63. Ka4 Ke4 64. b5 Kd5 65. Rc6 Rb7 66. Ra6 Bf2 67. Ra8 Kxd4 68. Rd8+ Kc5 69. Rd2 Bg3 70. Rc2+ Kd4 71. Rd2+ Kc3 72. Rd1 Ra7# 0-1

[Event "4NCL Online Division 7"]
[Site "online"]
[Date "2021.04.20"]
[EventDate "2021.04.20"]
[Round "7.312"]
[White "Buckman, Cyrus"]
[WhiteElo "1353"]
[WhiteTeam "Streatham C"]
[Black "White, Nigel"]
[BlackElo "1414"]
[BlackTeam "Redbridge All Sorts 4"]
[Result "1-0"]
[PlyCount "161"]

1. d4 f5 2. c4 e6 3. Nc3 Nf6 4. Nf3 Bb4 5. Bg5 Bxc3+ 6. bxc3 b6 7. e3 Bb7 8. Bd3 O-O 9. Qe2 d6 10. Rd1 Qe8 11. O-O Nbd7 12. Rfe1 Ne4 13. Rc1 Nxg5 14. Nxg5 Qg6 15. Nf3 Qf6 16. e4 fxe4 17. Bxe4 Bxe4 18. Qxe4 Rfe8 19. Qc6 Qd8 20. Re3 Nf8 21. Rce1 h6 22. d5 e5 23. Nd2 Qd7 24. Qxd7 Nxd7 25. Ne4 Rf8 26. Rg3 Rf4 27. Ree3 Raf8 28. h3 Nf6 29. Nxf6+ R8xf6 30. f3 Rxc4 31. Rg4 Rxg4 32. hxg4 Rf4 33. Kf2 Ra4 34. Re2 Rc4 35. Re3 a5 36. Ke1 Ra4 37. Re2 Ra3 38. Rc2 b5 39. Kd1 Ra4 40. Rb2 b4 41. cxb4 Kf7 42. Kc2 axb4 43. Kb3 Ra5 44. Rd2 Rb5 45. Ka4 Rb7 46. Rb2 Ke7 47. Rxb4 Ra7+ 48. Kb3 Ra5 49. Rb7 Kd7 50. Rb8 Rxd5 51. Kc3 Ra5 52. Kb3 Rd5 53. Kc3 Rd1 54. Rg8 g5 55. Rg7+ Kc6 56. Kc2 Rg1 57. Rg6 Rxg2+ 58. Kd3 Rxa2 59. Rxh6 Ra3+ 60. Ke4 Ra4+ 61. Kf5 Rf4+ 62. Kxg5 Rxf3 63. Kh4 Rf4 64. Kh5 Kd5 65. g5 Rf5 66. Rf6 Rf4 67. Rxf4 exf4 68. g6 Ke6 69. Kh6 f3 70. g7 Kf7 71. Kh7 f2 72. g8=Q+ Ke7 73. Qg2 d5 74. Qxf2 Kd6 75. Qf6+ Kc5 76. Qc3+ Kd6 77. Kg6 c6 78. Kf6 c5 79. Qe5+ Kc6 80. Qe6+ Kb5 81. Qxd5 1-0

[Event "4NCL Online Division 7"]
[Site "online"]
[Date "2021.04.20"]
[EventDate "2021.04.20"]
[Round "7.313"]
[White "Segat, Davide"]
[WhiteElo "1292"]
[WhiteTeam "Redbridge All Sorts 4"]
[Black "Mo, Alex"]
[BlackElo "1345"]
[BlackTeam "Streatham C"]
[Result "0-1"]
[PlyCount "74"]

1. c4 c5 2. g3 d6 3. Bg2 Nf6 4. Nc3 a6 5. d3 e6 6. Bg5 Be7 7. Nf3 Nbd7 8. O-O Rb8 9. Rb1 b5 10. Bxf6 Nxf6 11. a3 b4 12. axb4 cxb4 13. Na2 O-O 14. Nd4 Qb6 15. Nxb4 a5 16. Nbc6 Rb7 17. Qa4 e5 18. Nxe7+ Rxe7 19. Nc6 Rc7 20. Nxa5 Ra7 21. b4 Bd7 22. Qa3 Be6 23. Ra1 d5 24. c5 Qb5 25. Qb2 d4 26. Rfc1 Bd5 27. Bxd5 Nxd5 28. Rc4 Rfa8 29. Nb3 Rxa1+ 30. Nxa1 Nc3 31. c6 Rc8 32. c7 Nd5 33. Qa3 h6 34. Rc5 Qb7 35. Qa5 Nxc7 36. Rxe5 Ra8 37. Qc5 Rxa1+ 0-1

[Event "4NCL Online Division 7"]
[Site "online"]
[Date "2021.04.20"]
[EventDate "2021.04.20"]
[Round "7.314"]
[White "McNeil, Eric Dylan"]
[WhiteElo "1004"]
[WhiteTeam "Streatham C"]
[Black "Duffy, Laurence"]
[BlackElo "1312"]
[BlackTeam "Redbridge All Sorts 4"]
[Result "1-0"]
[PlyCount "128"]

1. c4 e5 2. Nc3 Nc6 3. g3 d6 4. Bg2 Bd7 5. e3 Na5 6. b3 Bc6 7. Nf3 Nf6 8. d4 Ne4 9. Bb2 Nxc3 10. Bxc3 b6 11. O-O e4 12. d5 Bd7 13. Nd2 Qe7 14. Nxe4 Nb7 15. Nd2 Rg8 16. e4 O-O-O 17. a4 g5 18. a5 b5 19. cxb5 Bxb5 20. Nc4 Nc5 21. Re1 Qd7 22. e5 Re8 23. exd6 Rxe1+ 24. Bxe1 Bxd6 25. Nxd6+ Qxd6 26. Bb4 Rd8 27. Qd4 Nxb3 28. Qg4+ Qd7 29. Qxd7+ Bxd7 30. Rb1 Nd4 31. Be7 Re8 32. Bxg5 Rg8 33. Be3 Nb5 34. Kf1 Nc3 35. Rb2 Na4 36. Rb4 Rg6 37. Bxa7 Nb6 38. axb6 cxb6 39. Bxb6 Kb7 40. Be3+ Ka6 41. Ke2 h5 42. h4 f5 43. Bf4 Bb5+ 44. Ke1 Rg7 45. d6 Ka5 46. Rd4 Bd7 47. Rd5+ Kb6 48. Bh3 Rg8 49. Bxf5 Re8+ 50. Kd2 Rd8 51. Bxd7 Rxd7 52. Rxh5 Kc6 53. Rg5 Rh7 54. Ke3 Kd7 55. Ra5 Ke6 56. Ra6 Kf5 57. Ra5+ Kg4 58. Rd5 Rd7 59. f3+ Kh3 60. h5 Rd8 61. h6 Re8+ 62. Kd2 Kg2 63. d7 Rd8 64. Rd3 Rxd7 1-0

[Event "4NCL Online Division 7"]
[Site "online"]
[Date "2021.04.20"]
[EventDate "2021.04.20"]
[Round "7.321"]
[White "Humeniuk, Michael"]
[WhiteElo "1496"]
[WhiteTeam "Hertford 4"]
[Black "Belur, Ankita"]
[BlackElo "1345"]
[BlackTeam "Barnet Knights D"]
[Result "1-0"]
[PlyCount "77"]

1. e4 d6 2. Nf3 Nf6 3. Nc3 g6 4. Bc4 Bg7 5. h3 O-O 6. O-O c6 7. d3 b5 8. Bb3 Nbd7 9. a3 a6 10. Bf4 Bb7 11. Re1 Rc8 12. e5 dxe5 13. Nxe5 Nh5 14. Nxd7 Qxd7 15. Bd2 a5 16. a4 b4 17. Ne4 Bxb2 18. Rb1 Bg7 19. Ng5 Qc7 20. Qg4 Nf6 21. Qf4 Qxf4 22. Bxf4 h6 23. Nf3 Rfe8 24. Ne5 g5 25. Nxf7 gxf4 26. Nd6+ Kh7 27. Nxb7 Ra8 28. Nc5 Nd5 29. Ne6 Bc3 30. Re4 Bd2 31. Re2 Nc3 32. Rxd2 Nxb1 33. Re2 Nc3 34. Re5 Ra7 35. Nxf4 Rf8 36. g3 Nd1 37. Kg2 Ra6 38. Rxe7+ Kh8 39. Ng6# 1-0

[Event "4NCL Online Division 7"]
[Site "online"]
[Date "2021.04.20"]
[EventDate "2021.04.20"]
[Round "7.322"]
[White "Gardner, Kai"]
[WhiteElo "1374"]
[WhiteTeam "Barnet Knights D"]
[Black "Brewis, Alan"]
[BlackElo "1349"]
[BlackTeam "Hertford 4"]
[Result "0-1"]
[PlyCount "120"]

1. e4 d6 2. c3 Nf6 3. d3 e5 4. Nf3 Be7 5. Be2 Nbd7 6. Be3 O-O 7. Nbd2 c6 8. O-O b5 9. d4 Ng4 10. dxe5 Nxe3 11. fxe3 dxe5 12. c4 a6 13. b3 Bc5 14. Kf2 Qb6 15. Ke1 Bxe3 16. Qc2 Bxd2+ 17. Nxd2 Nc5 18. cxb5 cxb5 19. Rc1 Ne6 20. Qb2 f6 21. Rb1 Nd4 22. Bd3 Be6 23. h3 Rac8 24. Nf3 Rfd8 25. Nxd4 Rxd4 26. Be2 Rxe4 27. Rc1 Rd8 28. Qc2 Red4 29. Rd1 Qd6 30. Rf3 Qb4+ 31. Rc3 Bf5 32. Qc1 Rxd1+ 33. Bxd1 Qh4+ 34. Kf1 Bd3+ 35. Be2 Bxe2+ 36. Kxe2 Qe4+ 37. Kf2 Qd4+ 38. Kg3 Qf4+ 39. Qxf4 exf4+ 40. Kxf4 Rd6 41. Ke3 Kf7 42. Ke2 g5 43. Re3 h5 44. Re4 Re6 45. Ke3 Rxe4+ 46. Kxe4 Ke6 47. g3 f5+ 48. Kf3 Kd5 49. h4 gxh4 50. gxh4 Ke5 51. b4 f4 52. a3 Kf5 53. Kf2 Kg4 54. Kg2 Kxh4 55. Kh2 f3 56. Kg1 Kg3 57. Kf1 h4 58. a4 bxa4 59. Kg1 h3 60. Kh1 f2 0-1

[Event "4NCL Online Division 7"]
[Site "online"]
[Date "2021.04.20"]
[EventDate "2021.04.20"]
[Round "7.323"]
[White "Kirby, Brian"]
[WhiteElo "1202"]
[WhiteTeam "Hertford 4"]
[Black "Scott, Jane"]
[BlackElo "1356"]
[BlackTeam "Barnet Knights D"]
[Result "0-1"]
[PlyCount "84"]

1. d4 Nf6 2. e3 g6 3. Nf3 Bg7 4. c3 O-O 5. Nbd2 d6 6. Be2 Nbd7 7. O-O e5 8. dxe5 dxe5 9. e4 Nc5 10. b4 Ncxe4 11. Nxe4 Nxe4 12. Bb2 Qxd1 13. Rfxd1 Be6 14. c4 Rad8 15. Bxe5 Bxe5 16. Nxe5 Nc3 17. Rxd8 Nxe2+ 18. Kf1 Rxd8 19. Kxe2 Re8 20. Kd3 Bf5+ 21. Kd4 f6 22. Nf3 Re4+ 23. Kd3 Re1+ 24. Kd2 Rxa1 25. Nd4 Rxa2+ 26. Ke3 Bd7 27. g3 Rb2 28. b5 Rb4 29. Kd3 Rb1 30. Nf3 Rf1 31. Ke2 Rc1 32. Kd3 Be6 33. Nd2 Bf5+ 34. Kd4 Rc2 35. Ke3 Rc3+ 36. Kd4 Rd3+ 37. Kc5 Rxd2 38. f4 Rxh2 39. Kd4 Rg2 40. c5 Rxg3 41. c6 bxc6 42. bxc6 Rf3 0-1

[Event "4NCL Online Division 7"]
[Site "online"]
[Date "2021.04.20"]
[EventDate "2021.04.20"]
[Round "7.331"]
[White "Cuthbert, Larissa"]
[WhiteElo "1429"]
[WhiteTeam "Wessex Some Stars H"]
[Black "Young, Jonathan G"]
[BlackElo "1546"]
[BlackTeam "Farnham C"]
[Result "0-1"]
[PlyCount "122"]

1. e4 c6 2. d4 d5 3. Nc3 dxe4 4. Nxe4 Nd7 5. Nf3 Ngf6 6. Nxf6+ Nxf6 7. Bf4 Bf5 8. Bd3 Bxd3 9. Qxd3 e6 10. O-O-O Bd6 11. Bxd6 Qxd6 12. Ne5 Nd7 13. Rhe1 Nxe5 14. Rxe5 O-O-O 15. Rc5 Qxc5 16. dxc5 Rxd3 17. cxd3 Rd8 18. d4 Rd5 19. Kc2 Kd7 20. Kc3 e5 21. Rd3 Ke6 22. a4 exd4+ 23. Rxd4 Rxc5+ 24. Kd3 Rd5 25. Rxd5 Kxd5 26. b4 f5 27. f3 g5 28. g3 b6 29. h4 h6 30. hxg5 hxg5 31. g4 fxg4 32. fxg4 Ke5 33. Ke3 Kd5 34. Kd3 c5 35. bxc5 bxc5 36. a5 a6 37. Ke3 c4 38. Kd2 Kd4 39. Kd1 Kd3 40. Kc1 Kc3 41. Kd1 Kb4 42. Kc2 Kxa5 43. Kc3 Kb5 44. Kb2 Kb4 45. Ka2 c3 46. Kb1 Kb3 47. Kc1 a5 48. Kb1 a4 49. Kc1 a3 50. Kb1 a2+ 51. Ka1 Kc2 52. Kxa2 Kd2 53. Kb3 c2 54. Kb4 c1=Q 55. Kb3 Qc3+ 56. Ka4 Qc4+ 57. Ka3 Qxg4 58. Kb3 Kd3 59. Kb2 Qb4+ 60. Kc1 g4 61. Kd1 Qd2# 0-1

[Event "4NCL Online Division 7"]
[Site "online"]
[Date "2021.04.20"]
[EventDate "2021.04.20"]
[Round "7.332"]
[White "Amos, Michael"]
[WhiteElo "1400"]
[WhiteTeam "Farnham C"]
[Black "McCullagh, Tim"]
[BlackElo "1390"]
[BlackTeam "Wessex Some Stars H"]
[Result "1-0"]
[PlyCount "39"]

1. d4 Nf6 2. c4 e5 3. dxe5 Ng4 4. Nf3 Nc6 5. Bf4 Bb4+ 6. Nc3 Qe7 7. Qd5 Bxc3+ 8. bxc3 f6 9. exf6 Nxf6 10. Qd1 O-O 11. e3 d6 12. Be2 Ne4 13. Rc1 Bf5 14. O-O Qf7 15. Nd4 Ne5 16. f3 Nxc4 17. Nxf5 Qxf5 18. Bxc4+ d5 19. Qxd5+ Qxd5 20. Bxd5+ 1-0

[Event "4NCL Online Division 7"]
[Site "online"]
[Date "2021.04.20"]
[EventDate "2021.04.20"]
[Round "7.333"]
[White "Le Fevre, Stephen D"]
[WhiteElo "1338"]
[WhiteTeam "Wessex Some Stars H"]
[Black "Franklin, Tony"]
[BlackElo "1266"]
[BlackTeam "Farnham C"]
[Result "1-0"]
[PlyCount "101"]

1. Nf3 Nf6 2. d4 e6 3. c4 Bb4+ 4. Bd2 Na6 5. Bxb4 Nxb4 6. a3 Nc6 7. Nc3 O-O 8. e4 d5 9. cxd5 exd5 10. e5 Re8 11. Bd3 Bg4 12. Be2 Nd7 13. O-O Nf8 14. Re1 a6 15. Qd3 f6 16. exf6 Qxf6 17. Nxd5 Qf5 18. Qxf5 Bxf5 19. Nxc7 Rxe2 20. Rxe2 Rd8 21. d5 Nb8 22. Rae1 Bg6 23. Ng5 Nbd7 24. Nge6 Nxe6 25. dxe6 Nf6 26. e7 Rc8 27. e8=Q+ Nxe8 28. Rxe8+ Bxe8 29. Rxe8+ Rxe8 30. Nxe8 Kf7 31. Nd6+ Ke6 32. Nxb7 Kd5 33. Kf1 Kc4 34. Ke2 Kb3 35. Nc5+ Kxb2 36. Nxa6 Kxa3 37. Kd3 Kb2 38. Nc5 Kc1 39. f4 g6 40. Ne6 Kd1 41. g4 Ke1 42. Ke3 Kf1 43. Kf3 Kg1 44. Kg3 h5 45. gxh5 gxh5 46. h4 Kh1 47. f5 Kg1 48. f6 Kh1 49. f7 Kg1 50. f8=Q Kh1 51. Qf1# 1-0

[Event "4NCL Online Division 7"]
[Site "online"]
[Date "2021.04.20"]
[EventDate "2021.04.20"]
[Round "7.334"]
[White "Warren, Orla"]
[WhiteElo "1186"]
[WhiteTeam "Farnham C"]
[Black "Wright, George A"]
[BlackElo "1082"]
[BlackTeam "Wessex Some Stars H"]
[Result "1-0"]
[PlyCount "99"]

1. d4 Nf6 2. Bf4 g6 3. Nc3 Bg7 4. e4 d6 5. Qd2 O-O 6. Bh6 e5 7. Bxg7 Kxg7 8. dxe5 dxe5 9. O-O-O Qxd2+ 10. Rxd2 a6 11. Nf3 Nbd7 12. Nd5 Nxe4 13. Re2 Nec5 14. Nxe5 Ne6 15. Nxd7 Bxd7 16. g3 Rae8 17. Bh3 f5 18. Rhe1 Rf7 19. g4 c6 20. Nb6 Nf4 21. Rxe8 Bxe8 22. Rxe8 Nxh3 23. gxf5 gxf5 24. Re2 f4 25. f3 Ng1 26. Rg2+ Kf6 27. Rxg1 Kf5 28. Nc4 Rd7 29. Rd1 Rg7 30. Rd3 Rg1+ 31. Rd1 Rg7 32. b3 b5 33. Nb2 Rg2 34. Rd6 Rxh2 35. Rxc6 Rh1+ 36. Kd2 Rh2+ 37. Kc1 Rf2 38. Rxa6 Rxf3 39. Ra5 Kg4 40. Rxb5 Rf1+ 41. Nd1 Kg3 42. Rf5 f3 43. a4 Kg2 44. a5 Re1 45. a6 Re8 46. b4 Rd8 47. b5 Rc8 48. b6 Rc6 49. a7 Rxb6 50. a8=Q 1-0

[Event "4NCL Online Division 7"]
[Site "online"]
[Date "2021.04.20"]
[EventDate "2021.04.20"]
[Round "7.341"]
[White "Benhamida, Jude"]
[WhiteElo "1120"]
[WhiteTeam "Manchester Juniors D"]
[Black "Almashhadi, Mustafa"]
[BlackElo "1569"]
[BlackTeam "RCSI Team 2"]
[Result "1/2-1/2"]
[PlyCount "102"]

1. e4 c6 2. Nf3 d5 3. exd5 cxd5 4. d4 Nc6 5. Nc3 Nf6 6. Bg5 Bg4 7. Be2 e6 8. O-O Be7 9. a3 h6 10. Bh4 Ne4 11. Bxe7 Nxc3 12. bxc3 Qxe7 13. Ne5 Nxe5 14. dxe5 Bxe2 15. Qxe2 Rc8 16. Qb5+ Rc6 17. Rab1 O-O 18. Rb3 Rc7 19. Qd3 Rfc8 20. Qg3 a5 21. a4 Qd7 22. Ra1 d4 23. cxd4 Rxc2 24. h3 Rc1+ 25. Rxc1 Rxc1+ 26. Kh2 Qxa4 27. Rxb7 Qxd4 28. Qf3 Qxe5+ 29. g3 Rc7 30. Rb8+ Kh7 31. Qd3+ Qf5 32. Qxf5+ exf5 33. g4 fxg4 34. hxg4 Ra7 35. Kg3 a4 36. Rb1 a3 37. Ra1 a2 38. f3 Kg6 39. Kh4 Kf6 40. f4 Ra4 41. Kh3 Kg6 42. f5+ Kg5 43. Kg3 Rxg4+ 44. Kf3 Ra4 45. Ke3 Kxf5 46. Kd3 h5 47. Ke3 h4 48. Kf3 g5 49. Kg2 Kf4 50. Kh3 f5 51. Rxa2 Rxa2 1/2-1/2

[Event "4NCL Online Division 7"]
[Site "online"]
[Date "2021.04.20"]
[EventDate "2021.04.20"]
[Round "7.342"]
[White "Kadom, Mhmod"]
[WhiteElo "1541"]
[WhiteTeam "RCSI Team 2"]
[Black "Burke, Alexander"]
[BlackElo "1187"]
[BlackTeam "Manchester Juniors D"]
[Result "0-1"]
[PlyCount "44"]

1. e4 e5 2. Bc4 Bc5 3. Nf3 Nc6 4. O-O h6 5. d3 Nf6 6. h3 O-O 7. Re1 d6 8. c3 Be6 9. Bxe6 fxe6 10. Nbd2 Ne7 11. Nf1 Ng6 12. Ng3 a6 13. b4 Bb6 14. Be3 Ba7 15. h4 Ng4 16. Bxa7 Rxa7 17. Qb3 Qe7 18. Re2 Nxh4 19. Nxh4 Qxh4 20. Qxe6+ Kh8 21. Nf5 Qh2+ 22. Kf1 Qh1# 0-1

[Event "4NCL Online Division 7"]
[Site "online"]
[Date "2021.04.20"]
[EventDate "2021.04.20"]
[Round "7.343"]
[White "Eccleston, Rowan"]
[WhiteElo "1181"]
[WhiteTeam "Manchester Juniors D"]
[Black "O'Keefe, Sarah"]
[BlackElo "1258"]
[BlackTeam "RCSI Team 2"]
[Result "1-0"]
[PlyCount "81"]

1. e4 d5 2. e5 f6 3. d4 Nc6 4. f4 g5 5. Qh5+ Kd7 6. g3 Nxd4 7. Bh3+ g4 8. Bxg4+ f5 9. Bxf5+ e6 10. Bxh7 Nf6 11. Qd1 Nxh7 12. Qxd4 c5 13. Qa4+ Ke7 14. Be3 Bd7 15. Qb3 d4 16. Bd2 a5 17. Qxb7 Rb8 18. Qf3 Ba4 19. Qa3 Qd7 20. Qxc5+ Kf7 21. Qxa5 Qd8 22. Qxa4 Qd5 23. Qa7+ Be7 24. Nf3 Qxf3 25. Rf1 Qe4+ 26. Kd1 Rb7 27. Qa6 Rhb8 28. b3 Rc8 29. Qd3 Qc6 30. Qxh7+ Ke8 31. f5 Bf8 32. Qg6+ Rf7 33. fxe6 Qxc2+ 34. Qxc2 Rxc2 35. Rxf7 d3 36. a4 Bc5 37. Bg5 Bb4 38. a5 d2 39. Nxd2 Rxd2+ 40. Bxd2 Bxd2 41. Kxd2 1-0

[Event "4NCL Online Division 7"]
[Site "online"]
[Date "2021.04.20"]
[EventDate "2021.04.20"]
[Round "7.344"]
[White "McNee, Molly"]
[WhiteElo "1023"]
[WhiteTeam "RCSI Team 2"]
[Black "Pearson, Matthew"]
[BlackElo "800"]
[BlackTeam "Manchester Juniors D"]
[Result "1-0"]
[PlyCount "39"]

1. e4 e5 2. Nf3 Nc6 3. Nc3 Bc5 4. Bc4 Nf6 5. d3 d6 6. O-O Be6 7. a3 O-O 8. b4 Bb6 9. Nb5 a6 10. Nc3 d5 11. exd5 Bxd5 12. Nxd5 Nxd5 13. Bg5 f6 14. Bh4 Kh8 15. Qc1 g5 16. Bg3 h5 17. h4 gxh4 18. Bxh4 e4 19. dxe4 Nc3 20. Qh6# 1-0

[Event "4NCL Online Division 7"]
[Site "online"]
[Date "2021.04.20"]
[EventDate "2021.04.20"]
[Round "7.351"]
[White "Lane, Clifford"]
[WhiteElo "1250"]
[WhiteTeam "Deaf England 2"]
[Black "Belur, Ashwin"]
[BlackElo "1115"]
[BlackTeam "Barnet Knights F"]
[Result "0-1"]
[PlyCount "64"]

1. e4 e5 2. Nf3 d6 3. Bc4 Qe7 4. d3 Be6 5. Bxe6 Qxe6 6. O-O g6 7. Ng5 Qd7 8. Qf3 Bg7 9. Nc3 Nf6 10. Re1 O-O 11. Nd5 Nxd5 12. exd5 c6 13. dxc6 bxc6 14. Ne4 Qd8 15. Bg5 Qb6 16. Nf6+ Kh8 17. Nd7 Nxd7 18. Be3 Qxb2 19. c4 Nc5 20. Bxc5 dxc5 21. Qxc6 Rad8 22. Qf3 Rd7 23. Reb1 Qa3 24. Rb3 Qa6 25. h3 e4 26. Qxe4 Bxa1 27. a3 Qe6 28. Qxe6 fxe6 29. f3 Rfd8 30. Rb5 Rxd3 31. Rxc5 Rxa3 32. Re5 Bxe5 0-1

[Event "4NCL Online Division 7"]
[Site "online"]
[Date "2021.04.20"]
[EventDate "2021.04.20"]
[Round "7.352"]
[White "Rasalingam, Rishi"]
[WhiteElo "1181"]
[WhiteTeam "Barnet Knights F"]
[Black "Paull, James"]
[BlackElo "1200"]
[BlackTeam "Deaf England 2"]
[Result "1-0"]
[PlyCount "49"]

1. e4 d5 2. exd5 Qxd5 3. Nc3 Qd6 4. d3 Nc6 5. Nf3 a6 6. g3 Bd7 7. Bg2 f6 8. O-O e5 9. Ne4 Qe7 10. Re1 Bg4 11. h3 f5 12. hxg4 fxe4 13. Rxe4 g5 14. Bxg5 Nf6 15. Qe2 O-O-O 16. Nxe5 Nxe5 17. Rxe5 Qf7 18. Re6 Rd6 19. Rxf6 Rxf6 20. Bxf6 Rg8 21. Bc3 Bd6 22. Re1 c6 23. Qe6+ Qxe6 24. Rxe6 Kc7 25. Be5 1-0

[Event "4NCL Online Division 7"]
[Site "online"]
[Date "2021.04.20"]
[EventDate "2021.04.20"]
[Round "7.353"]
[White "Oâ€™Donnell, Anthony"]
[WhiteElo "1250"]
[WhiteTeam "Deaf England 2"]
[Black "Kuryan, Elizabeth"]
[BlackElo "910"]
[BlackTeam "Barnet Knights F"]
[Result "0-1"]
[PlyCount "62"]

1. e4 c5 2. Nf3 Nc6 3. d4 cxd4 4. Nxd4 g6 5. Nf3 Bg7 6. Qd3 d6 7. Be2 Be6 8. O-O Nf6 9. e5 Nxe5 10. Qb5+ Qd7 11. Qb4 O-O 12. Bb5 Qc7 13. Nc3 a6 14. Be2 Nd5 15. Qa3 Rac8 16. Bd2 Nxf3+ 17. Bxf3 Nxc3 18. Qxc3 Bxc3 19. bxc3 Bf5 20. Rac1 Qa5 21. Bxb7 Rb8 22. Bf3 Qxa2 23. Bd1 Rb2 24. h3 Bxc2 25. Bxc2 Rxc2 26. Rxc2 Qxc2 27. Bg5 Re8 28. Re1 Qxc3 29. Bxe7 Qxe1+ 30. Kh2 Rxe7 31. f3 Qe5+ 0-1

[Event "4NCL Online Division 7"]
[Site "online"]
[Date "2021.04.20"]
[EventDate "2021.04.20"]
[Round "7.354"]
[White "Morin, Julian"]
[WhiteElo "900"]
[WhiteTeam "Barnet Knights F"]
[Black "Evans, Justin"]
[BlackElo "1250"]
[BlackTeam "Deaf England 2"]
[Result "0-1"]
[PlyCount "70"]

1. e4 e5 2. Nf3 d6 3. d4 exd4 4. Nxd4 Nf6 5. Nc3 Bg4 6. Nf3 Nc6 7. Bc4 Ne5 8. Be2 Nxf3+ 9. Bxf3 Be6 10. Bg5 Be7 11. Be3 Bc4 12. Be2 Be6 13. O-O d5 14. exd5 Bxd5 15. Nxd5 Nxd5 16. Bf3 c6 17. c4 Nxe3 18. Qxd8+ Rxd8 19. fxe3 Rd2 20. b3 Bc5 21. Rfe1 O-O 22. a3 Rd3 23. b4 Bb6 24. c5 Bc7 25. e4 Be5 26. Rad1 Rxa3 27. Rd7 Rb8 28. Bh5 g6 29. Be2 Re3 30. Kf2 Rxe4 31. Rb1 Bc3 32. b5 cxb5 33. Bxb5 Rbe8 34. Rxb7 Bd4+ 35. Kf1 Rf4# 0-1

[Event "4NCL Online Division 7"]
[Site "online"]
[Date "2021.04.20"]
[EventDate "2021.04.20"]
[Round "7.361"]
[White "Kachkanov, Slava"]
[WhiteElo "1150"]
[WhiteTeam "Wantage C"]
[Black "Woods, Nicholas"]
[BlackElo "1350"]
[BlackTeam "Downend & Fishponds 3"]
[Result "1-0"]
[PlyCount "41"]

1. e4 e5 2. Nf3 Nc6 3. d4 d6 4. d5 Nce7 5. Bd3 c6 6. Nc3 cxd5 7. Bb5+ Bd7 8. Qd3 Nf6 9. exd5 e4 10. Bxd7+ Qxd7 11. Nxe4 Nxe4 12. Qxe4 g6 13. Bg5 h6 14. Bf6 Qf5 15. Qd4 Rg8 16. O-O Qxc2 17. Bxe7 Kxe7 18. Rfe1+ Kd7 19. Rac1 Qf5 20. Qa4+ Kd8 21. Re8# 1-0

[Event "4NCL Online Division 7"]
[Site "online"]
[Date "2021.04.20"]
[EventDate "2021.04.20"]
[Round "7.362"]
[White "Bleeg, Elliott"]
[WhiteElo "1309"]
[WhiteTeam "Downend & Fishponds 3"]
[Black "Mahon, Paul"]
[BlackElo "1150"]
[BlackTeam "Wantage C"]
[Result "1-0"]
[PlyCount "93"]

1. e4 e5 2. Nf3 Nc6 3. Nc3 Nf6 4. d4 exd4 5. Nxd4 Nxd4 6. Qxd4 Be7 7. e5 c5 8. Qf4 Ng8 9. Bc4 Nh6 10. Qf3 Bg5 11. O-O Bxc1 12. Raxc1 O-O 13. Bd3 d6 14. Qe4 f5 15. Qd5+ Kh8 16. exd6 Qb6 17. Na4 Qa5 18. Nxc5 Bd7 19. Qxb7 Qxc5 20. Qxd7 Rfd8 21. Qa4 Qxd6 22. Qa5 Rf8 23. Rcd1 Qb8 24. b3 Ng4 25. g3 Nh6 26. Bc4 Qb6 27. Qe5 Rae8 28. Qd4 Qb7 29. Bd5 Qd7 30. Bc4 Qxd4 31. Rxd4 g6 32. Rd7 a5 33. Ra7 Re5 34. f4 Rc5 35. Rd1 Rfc8 36. Rd5 Rxd5 37. Bxd5 Rxc2 38. Rxa5 Rd2 39. Ba8 Ng4 40. b4 Nxh2 41. b5 Ng4 42. b6 Rd8 43. b7 Rb8 44. Rb5 Kg7 45. a4 Kf7 46. a5 Ke7 47. a6 1-0

[Event "4NCL Online Division 7"]
[Site "online"]
[Date "2021.04.20"]
[EventDate "2021.04.20"]
[Round "7.363"]
[White "Richards, Edward"]
[WhiteElo "790"]
[WhiteTeam "Wantage C"]
[Black "Lewis, Catherine"]
[BlackElo "998"]
[BlackTeam "Downend & Fishponds 3"]
[Result "0-1"]
[PlyCount "48"]

1. e4 e5 2. Nf3 Nc6 3. Nc3 Bc5 4. Bb5 d6 5. O-O Nf6 6. d3 h6 7. h3 O-O 8. Bd2 Nd4 9. Re1 Nxb5 10. Nxb5 a6 11. Nc3 c6 12. Na4 Ba7 13. c4 b5 14. Nc3 Be6 15. Rc1 Qd7 16. a4 b4 17. Na2 a5 18. Be3 Rfe8 19. Qb3 Bxh3 20. Kh2 Bxg2 21. Kxg2 Qg4+ 22. Kf1 Qxf3 23. Rc2 Ng4 24. Rce2 Qh1# 0-1